Indie games by images - Statistics

General Stats
  • This quiz has been taken 168 times
  • The average score is 11 of 17
Answer Stats
Picture Answer % Correct
cuphead
95%
Undertale
93%
stray
91%
untitled goose game
89%
hollow knight
88%
stardew valley
86%
raft
77%
binding of isaac
76%
hades
76%
Celeste
71%
super meat boy
71%
castle crashers
47%
Jump King
42%
Dredge
39%
Forager
30%
House
17%
suicide guy
6%
No matching quizzes found
Score Distribution
Percent of People with Each Score
Percentile by Number Answered
Your Score History
You have not taken this quiz